Statistieken voor Landen in Zuid-Amerika

Klik hier om de quiz te nemen!

Algemene statistieken

  • Deze quiz is 19.124 keer genomen
  • De gemiddelde score is 11 van 12

Antwoorden op de kaart

Antwoorden kleurgecodeerd door een groen-rode schaal op de quizkaart volgens % correct hieronder.
 

Antwoordstatistieken

Land% Correct
Brazilië
99%
Argentinië
97%
Chili
97%
Peru
91%
Colombia
90%
Venezuela
88%
Suriname
87%
Uruguay
87%
Bolivia
86%
Paraguay
85%
Ecuador
80%
Guyana
69%

Scoreverdeling

Percentiel versus Aantal Correcte Antwoorden

Procent van Mensen met Elke Score

Uw Scoregeschiedenis

U heeft deze quiz nog niet genomen